| 000 | 00381pab a2200145 454500 | ||
|---|---|---|---|
| 008 | 180718b2003 xxu||||| |||| 00| 0 eng d | ||
| 100 | _aRahman, Mir Obaidur | ||
| 245 | _aThoughts on exchange rate: a pedagogic note | ||
| 260 | _c2003 | ||
| 300 | _ap.139-53. | ||
| 650 | _aExchange rates | ||
| 773 | _aBangladesh Journal of Public Administration | ||
| 908 | _aN | ||
| 909 | _a74116 | ||
| 999 |
_c74116 _d74116 |
||